LEADER 02045namaa2200433 i 4500 001 000000178661 003 CaOOAMICUS 005 20260410172733.0 007 tu 008 260410s2025 it 010 udita r 020 $a979-1-259-62689-9* 040 $aPUL$bita$erda 082 0 $a230.092 111 0 $aFede ed esperienza :$cin dialogo con Leo Scheffczyk (2020 : Facoltą di teologia di Lugano, Lugano)$eautore.$0(OLS)http://pul/name/114965 245 10$aEsperienza e fede :$bin dialogo con Leo Scheffczyk /$ca cura di Manfred Hauke, Richard Schenk. 264 4$c©2025. 264 1$aLugano :$bEuPress ;$aSiena :$bCantagalli,$c[2025] 300 $a603 pagine ;$c24 cm 336 $atesto$btxt$2rdacontent 337 $asenza mediazione$bn$2rdamedia 338 $avolume$bnc$2rdacarrier 490 1 $a Biblioteca teologica ;$v24 500 $aDati relativi al convegno tratti dalla prefazione e dal Web. 504 $aBibliografia in nota a pič pagina. 600 14$aScheffczyk, Leo,$ccardinale,$d1920-2005.$0(OLS)http://pul/subject/29501 650 4$aTeologia dogmatica$ySec. XX-XXI.$0(OLS)http://pul/subject/45719 700 1 $aHauke, Manfred,$csacerdote,$d1956-,$ecuratore.$0(OLS)http://pul/name/26742 700 1 $aSchenk, Richard,$co.p.,$d1951-,$ecuratore.$0(OLS)http://pul/name/114966 830 0$aBiblioteca teologica (Eupress) ;$v24.$0(OLS)http://pul/title/103754 850 $aPUL 852 $aPUL$W1$xSL Religione 3$y85$m230. 092 HAUMA 1$j202424$qDDC 21$B207829$CPULBib$Z2$F207829 $H178661 $82 941 1 $a9 996 $6020$a979-1-259-62689-9*$9(OLS)http://pul/number/170925 996 $6082$a230.092$9(OLS)http://pul/classification/553 996 $6245$aEsperienza e fede :$bin dialogo con Leo Scheffczyk$9(OLS)http://pul/title/220239 996 $6264$aLugano :$bEuPress$9(OLS)http://pul/publisher/75991 996 $6264$aSiena :$bCantagalli$9(OLS)http://pul/publisher/48759 996 $6264$a[S.l.] :$b[s.n.]$9(OLS)http://pul/publisher/0